Normal view
MARC view
Entry Personal Name
001 - CONTROL NUMBER
- control field: 156300
003 - CONTROL NUMBER IDENTIFIER
- control field: OSt
005 - DATE AND TIME OF LATEST TRANSACTION
- control field: 20220919130501.0
008 - FIXED-LENGTH DATA ELEMENTS
- fixed length control field: 220919|| aca||aabn | a|a d
040 ## - CATALOGING SOURCE
- Original cataloging agency: OSt
- Transcribing agency: OSt
100 ## - HEADING--PERSONAL NAME
- Personal name: रुद्रट-प्रणीत; चौधरी, सत्यदेव
670 ## - SOURCE DATA FOUND
- Source citation: Work cat.: (OSt)100808: रुद्रट-प्रणीत; चौधरी, सत्यदेव, काव्याल्ंकार, 1965
